Wszystkie litery na Klawiaturze (Yellow Box) - Statystyki

Ogólne statystyki
  • Ten quiz został rozwiązany 469 razy
  • Średni wynik to 25 z 26
Statystyki odpowiedzi
Q-M % Poprawnych
Q
100%
E
98%
R
98%
T
98%
W
98%
I
97%
U
97%
Y
97%
O
96%
P
96%
A
95%
D
95%
F
95%
G
95%
H
95%
S
95%
B
94%
C
94%
J
94%
K
94%
L
94%
M
94%
N
94%
V
94%
X
94%
Z
94%
Nie znaleziono quizów pasujących do podanych kryteriów
Rozkład punktacji
Procent ludzi z każdym wynikiem
Percentyl według liczby udzielonych odpowiedzi
Twoja historia wyników
Nie rozwiązałeś tego quizu